000 02730nam2a22003851 4500
001 v19\rc\1874695
005 20260406165036.0
035 _a(NLR Aleph) 005259942
090 _a5891391
_c5891391
100 _a20080221d1911 |||y0rusy50 ca
101 0 _arus
102 _aRU
105 _ay b |||||
200 1 _aПамятники древнейшей русской литературы (от начала письменности)
_eКантемир, Ломоносов, Сумароков, Екатерина II, Херасков, Озеров, Фонвизин, Державин, Карамзин, Жуковский
210 _d1911
_aБ. м.
215 _a[2], 2, II, 90 с.
461 0 _1001v19\rc\1874694
_12001#$aКлассики русской литературы$eКрат. содерж. произведений. Ч. 1-3$vЧ. 1
_96026523
_cМосква
_d1910-1912
_nН.А. Степанов
_oКрат. содерж. произведений. Ч. 1-3
_p3 т.
_tКлассики русской литературы
_vЧ. 1
532 1 3 _aПамятники древнейшей литературы от начала письменности
702 1 _4570
_8rus
_7ca
_aСумароков
_bА. П.
_f1717-1777
_gАлександр Петрович
_3RU\NLR\AUTH\772863
_9112870
702 1 _4570
_8rus
_7ca
_aХерасков
_bМ. М.
_f1733-1807
_gМихаил Матвеевич
_3RU\NLR\AUTH\7779135
_962063
702 1 _4570
_7ca
_8rus
_aОзеров
_bВ. А.
_cдраматург
_f1769-1816
_gВладислав Александрович
_3RU\NLR\AUTH\7785473
_968401
702 1 _4570
_8rus
_7ca
_aКантемир
_bА. Д.
_f1708-1744
_gАнтиох Дмитриевич
_3RU\NLR\AUTH\772864
_9112871
702 1 _4570
_8rus
_7ca
_aЛомоносов
_bМ. В.
_f1711-1765
_gМихаил Васильевич
_3RU\NLR\AUTH\772859
_9112866
702 0 _4570
_8rus
_7ca
_aЕкатерина
_cимператрица российская
_dII
_f1729-1796
_3RU\NLR\AUTH\772098
_9112115
702 1 _4570
_8rus
_7ca
_aФонвизин
_bД. И.
_f1745-1792
_gДенис Иванович
_3RU\NLR\AUTH\7711401
_9121148
702 1 _4570
_8rus
_7ca
_aДержавин
_bГ. Р.
_f1743-1816
_gГаврила Романович
_3RU\NLR\AUTH\773473
_9113469
702 1 _4570
_8rus
_7ca
_aКарамзин
_bН. М.
_f1766-1826
_gНиколай Михайлович
_3RU\NLR\AUTH\773443
_9113439
702 1 _4570
_8rus
_7ca
_aЖуковский
_bВ. А.
_f1783-1852
_cпоэт
_gВасилий Андреевич
_3RU\NLR\AUTH\775529
_9115493
801 2 _aRU
_bNLR
_c20081106
_2rusmarc
801 0 _aRU
_bNLR
_c20080221
_gpsbo
801 0 _aRU
_bRuMoRGB
_c20080221
_2psbo
801 1 _aRU
_bProSoft-M
_c20080221
_2rusmarc
852 _aNLR
_j38.80.7.22
942 _cBOOK
980 _aNB